Boys' Names in Top 1000-U and X (2023) - Statistics

General Stats
  • This quiz has been taken 118 times
  • The average score is 3 of 5
Answer Stats
Letter Answer % Correct
X Xavier
92%
X Xander
82%
U Ulises
55%
U Uriah
45%
U Uriel
35%
No matching quizzes found
Score Distribution
Percent of People with Each Score
Percentile by Number Answered
Your Score History
You have not taken this quiz